[Event "ENCI Limburg-open B"]
[Site "Maastricht"]
[Date "2012.05.28"]
[Round "6"]
[White "Bex, Lennert"]
[Black "Pijlman, Rene"]
[Result "0-1"]
[WhiteElo "1739"]
[BlackElo "1990"]
[PlyCount "68"]
[EventDate "2012.05.25"]
[EventType "swiss"]
[EventRounds "7"]
[EventCountry "NED"]
[Source "P.Boonen"]
[SourceDate "2013.01.01"]

1. c4 c5 2. g3 Nf6 3. Bg2 d5 4. cxd5 Nxd5 5. Nc3 Nc7 6. d3 e5 7. Nf3 Nc6 8. O-O
Be7 9. b3 Bd7 10. Bb2 f6 11. Ne4 O-O 12. Qc2 b6 13. a3 Rc8 14. e3 Ne6 15. Ned2
Qc7 16. Rfc1 Qd8 17. Bc3 Qe8 18. Qb2 Qg6 19. d4 cxd4 20. exd4 exd4 21. Nxd4
Ncxd4 22. Bxd4 Bc5 23. Bxc5 Nxc5 24. Qc2 Nd3 25. Qd1 Nxc1 26. Rxc1 Rxc1 27.
Qxc1 Rc8 28. Qe1 Qe8 29. Qd1 Bc6 30. Bh3 Rd8 31. Qc1 Ba8 32. Qc4+ Kh8 33. Qc1
Qe2 34. Bd7 Qd3 0-1

[Event "ENCI Limburg-open B"]
[Site "Maastricht"]
[Date "2012.05.28"]
[Round "6"]
[White "Billot, Daniel"]
[Black "Huebben, Dominik"]
[Result "0-1"]
[WhiteElo "1711"]
[BlackElo "1820"]
[PlyCount "34"]
[EventDate "2012.05.25"]
[EventType "swiss"]
[EventRounds "7"]
[EventCountry "NED"]
[Source "P.Boonen"]
[SourceDate "2013.01.01"]

1. e4 e6 2. d4 d5 3. e5 c5 4. c3 Nc6 5. Nf3 Bd7 6. Bd3 Qb6 7. dxc5 Bxc5 8. O-O
f6 9. Qe2 O-O-O 10. b4 Be7 11. b5 Nxe5 12. Nxe5 fxe5 13. Qxe5 Bf6 14. Qe2 e5
15. c4 e4 16. c5 exd3 17. cxb6 dxe2 0-1

[Event "ENCI Limburg-open B"]
[Site "Maastricht"]
[Date "2012.05.28"]
[Round "6"]
[White "Blijlevens, Pim"]
[Black "Kuck, Ulrich"]
[Result "0-1"]
[WhiteElo "1920"]
[BlackElo "1898"]
[PlyCount "103"]
[EventDate "2012.05.25"]
[EventType "swiss"]
[EventRounds "7"]
[EventCountry "NED"]
[Source "P.Boonen"]
[SourceDate "2013.01.01"]

1. d4 c5 2. d5 Nf6 3. c4 e6 4. Nc3 exd5 5. cxd5 d6 6. g3 g6 7. Bg2 Bg7 8. Nf3
O-O 9. O-O a6 10. a4 Re8 11. Nd2 Nbd7 12. Nc4 Ne5 13. Nxe5 Rxe5 14. Bf4 Re8 15.
Qd2 Ng4 16. a5 b5 17. axb6 Qxb6 18. Na4 Qc7 19. Bh3 Nxf2 20. Bxc8 Ne4 21. Qc2
Raxc8 22. Nc3 Nxc3 23. bxc3 Ra8 24. Ra4 a5 25. g4 c4 26. Bg3 Qc5+ 27. Bf2 Qxd5
28. Rd1 Qe4 29. Qxe4 Rxe4 30. Rxd6 Rxg4+ 31. Kf1 Bxc3 32. Rc6 Bb4 33. Bc5 Rb8
34. Bb6 Rf4+ 35. Kg2 Rf5 36. Bd4 Re8 37. e3 Bd2 38. Rcxc4 Bxe3 39. Bc3 Bb6 40.
Rc6 Rb8 41. Re4 Rb5 42. Re7 Kf8 43. Rd7 Ke8 44. Rd1 Rg5+ 45. Kh3 Bd8 46. Rcd6
Rh5+ 47. Kg2 Be7 48. Ra6 Bd8 49. Bg7 f6 50. Bxf6 Bxf6 51. Rxf6 Rg5+ 52. Kh3 0-1

[Event "ENCI Limburg-open B"]
[Site "Maastricht"]
[Date "2012.05.28"]
[Round "6"]
[White "Blom, Huub"]
[Black "Bauchmueller, Franz Josef"]
[Result "1-0"]
[WhiteElo "1846"]
[BlackElo "1841"]
[PlyCount "135"]
[EventDate "2012.05.25"]
[EventType "swiss"]
[EventRounds "7"]
[EventCountry "NED"]
[Source "P.Boonen"]
[SourceDate "2013.01.01"]

1. e4 e5 2. Nf3 Nc6 3. d4 d5 4. exd5 Qxd5 5. dxe5 Qxd1+ 6. Kxd1 Bg4 7. Bb5
Bxf3+ 8. gxf3 O-O-O+ 9. Ke1 Nxe5 10. Be2 Ne7 11. Be3 N7c6 12. c3 Nd3+ 13. Bxd3
Rxd3 14. Ke2 Rd5 15. Rg1 g6 16. Nd2 Bd6 17. h3 Re8 18. Ne4 Be7 19. f4 f5 20.
Ng5 Bxg5 21. Rxg5 Nd8 22. Rgg1 Ne6 23. Kf3 Red8 24. Ke2 Re8 25. Kf3 Red8 26.
Ke2 b6 27. Rgd1 c6 28. Rxd5 Rxd5 29. Rd1 Rxd1 30. Kxd1 Kd7 31. Kd2 Kd6 32. Kd3
c5 33. b3 Kc6 34. a4 a6 35. Bd2 Nc7 36. Be3 Ne8 37. Bd2 Nd6 38. Be3 Ne4 39. c4
Nd6 40. Bd2 b5 41. axb5+ axb5 42. f3 bxc4+ 43. bxc4 Nb7 44. Kc3 Kb6 45. Be3 Na5
46. Bd2 Nc6 47. Be3 Nd8 48. Bd2 Nf7 49. Kd3 h6 50. h4 Kc6 51. Kc3 Kd6 52. Be3
Nd8 53. Kb3 Ne6 54. Kc3 Ke7 55. Kb3 Nd4+ 56. Bxd4 cxd4 57. c5 Ke6 58. c6 Kd6
59. c7 Kxc7 60. Kc4 d3 61. Kxd3 Kd6 62. Kd4 Kc6 63. Ke5 g5 64. fxg5 hxg5 65.
hxg5 Kd7 66. Kxf5 Ke7 67. Kg6 Kf8 68. Kh7 1-0

[Event "ENCI Limburg-open B"]
[Site "Maastricht"]
[Date "2012.05.28"]
[Round "6"]
[White "Bondarchuk, Vadim"]
[Black "Armino, Leo"]
[Result "0-1"]
[WhiteElo "1985"]
[BlackElo "1996"]
[PlyCount "116"]
[EventDate "2012.05.25"]
[EventType "swiss"]
[EventRounds "7"]
[EventCountry "NED"]
[Source "P.Boonen"]
[SourceDate "2013.01.01"]

1. e4 e6 2. d4 d5 3. Nc3 Bb4 4. exd5 exd5 5. Bd3 Nc6 6. a3 Ba5 7. Nge2 Nge7 8.
O-O Bg4 9. f3 Bf5 10. Na4 O-O 11. Bg5 Qc8 12. Ng3 f6 13. Be3 Bxd3 14. Qxd3 f5
15. Bd2 Bxd2 16. Qxd2 f4 17. Nh1 Nf5 18. c3 Ne3 19. Rfe1 Qf5 20. Re2 Na5 21. g4
Qg6 22. Nc5 b6 23. Nd7 Rfe8 24. Ne5 Rxe5 25. dxe5 Nb3 26. Qe1 Nxa1 27. Qxa1 Re8
28. Nf2 Rxe5 29. Qe1 h5 30. h3 hxg4 31. hxg4 c5 32. Qd2 c4 33. Nh3 Qh6 34. Rh2
g5 35. Qd4 Qg6 36. Rf2 Qb1+ 37. Kh2 Re6 38. Nxf4 gxf4 39. Qxf4 Qh7+ 40. Kg3 Qe7
41. Qb8+ Kg7 42. Qf4 Rh6 43. g5 Rh5 44. Qf6+ Qxf6 45. gxf6+ Kxf6 46. Re2 Re5
47. Kf4 d4 48. Rh2 Nd5+ 49. Kg3 Rg5+ 50. Kf2 d3 51. Ke1 Re5+ 52. Kd1 Nf4 53.
Rh7 Re2 54. Rxa7 Nd5 55. Rd7 Ke6 56. Rd8 Rxb2 57. Re8+ Kd7 58. Re4 Nxc3+ 0-1

[Event "ENCI Limburg-open B"]
[Site "Maastricht"]
[Date "2012.05.28"]
[Round "6"]
[White "Bruls, Peter"]
[Black "Van Ginneken, Jeroen"]
[Result "1-0"]
[WhiteElo "1833"]
[BlackElo "1718"]
[PlyCount "141"]
[EventDate "2012.05.25"]
[EventType "swiss"]
[EventRounds "7"]
[EventCountry "NED"]
[Source "P.Boonen"]
[SourceDate "2013.01.01"]

1. d4 d5 2. c4 dxc4 3. Nf3 c5 4. e3 Bg4 5. Bxc4 e6 6. Be2 Nf6 7. O-O cxd4 8.
Nxd4 Bxe2 9. Qxe2 Nbd7 10. b3 Bd6 11. Rd1 Qe7 12. Bb2 O-O 13. Nc3 a6 14. Qf3
Ne5 15. Qe2 Rad8 16. Rac1 Bc5 17. Na4 Ba3 18. Bxa3 Qxa3 19. Qb2 Qxb2 20. Nxb2
Rc8 21. Kf1 b5 22. Ke2 Ne4 23. f4 Ng6 24. Nc6 f5 25. Rc2 b4 26. Kf1 a5 27. Rdc1
Ra8 28. Nc4 Ra6 29. N4e5 Nxe5 30. Nxe5 Nc3 31. a3 Rd8 32. Nc4 Rd3 33. Ke1 Nd5
34. Ne5 Rxe3+ 35. Kf2 Rc3 36. Rxc3 Nxc3 37. axb4 axb4 38. Nd3 Rb6 39. Kf3 Rd6
40. Nxb4 Ne4 41. Rc8+ Kf7 42. Nc6 Nd2+ 43. Ke3 Nxb3 44. Ne5+ Ke7 45. Rc7+ Kf8
46. Rf7+ Ke8 47. Rxg7 Rd2 48. Rb7 Rxg2 49. Rxb3 Rxh2 50. Nf3 Rh3 51. Kf2 Ke7
52. Rb7+ Kd6 53. Rb6+ Kd5 54. Rb5+ Kd6 55. Ng5 Rh4 56. Kf3 h6 57. Nf7+ Kc6 58.
Ra5 Kc7 59. Ra6 Kd7 60. Ne5+ Kc7 61. Rxe6 Rh3+ 62. Kg2 Ra3 63. Rxh6 Ra4 64. Kg3
Ra3+ 65. Kh4 Kd8 66. Kg5 Ke7 67. Kxf5 Ra5 68. Re6+ Kf8 69. Kf6 Ra4 70. f5 Rh4
71. Ng6+ 1-0

[Event "ENCI Limburg-open B"]
[Site "Maastricht"]
[Date "2012.05.28"]
[Round "6"]
[White "Cebula, Jerzy"]
[Black "Ibrahim, Ashraf"]
[Result "1/2-1/2"]
[WhiteElo "1993"]
[BlackElo "1749"]
[PlyCount "80"]
[EventDate "2012.05.25"]
[EventType "swiss"]
[EventRounds "7"]
[EventCountry "NED"]
[Source "P.Boonen"]
[SourceDate "2013.01.01"]

1. e4 d5 2. exd5 Qxd5 3. Nc3 Qa5 4. Bc4 Nf6 5. d4 c6 6. Nf3 e6 7. O-O Bd6 8.
Re1 O-O 9. a3 b5 10. Bd3 Nbd7 11. Bd2 Qc7 12. Qe2 Bb7 13. Ne5 Rfe8 14. h3 a6
15. Nxd7 Qxd7 16. Ne4 Nxe4 17. Qxe4 g6 18. Qg4 Bf8 19. Rad1 Bg7 20. Be3 Qc7 21.
Bf4 Qe7 22. c3 Rad8 23. b4 a5 24. Qg3 axb4 25. axb4 Ra8 26. Ra1 Rxa1 27. Rxa1
Ra8 28. Rxa8+ Bxa8 29. Bg5 Qe8 30. Bf4 Qd7 31. Be4 Bb7 32. Bd6 Bf6 33. Qf4 Bg5
34. Qg3 Bh4 35. Qe5 Bf6 36. Qc5 Ba8 37. c4 Bb7 38. cxb5 cxb5 39. Bxb7 Qxb7 40.
f3 h5 1/2-1/2

[Event "ENCI Limburg-open B"]
[Site "Maastricht"]
[Date "2012.05.28"]
[Round "6"]
[White "Coenen, Bert"]
[Black "Santiago, Gerardo"]
[Result "0-1"]
[WhiteElo "1835"]
[BlackElo "1714"]
[PlyCount "50"]
[EventDate "2012.05.25"]
[EventType "swiss"]
[EventRounds "7"]
[EventCountry "NED"]
[Source "P.Boonen"]
[SourceDate "2013.01.01"]

1. d4 Nf6 2. Nf3 c5 3. c3 e6 4. Bg5 d5 5. e3 c4 6. Nbd2 Be7 7. Qc2 O-O 8. e4
Nc6 9. Be2 b5 10. exd5 exd5 11. O-O g6 12. Rad1 Bf5 13. Qc1 b4 14. Ne5 Nxe5 15.
dxe5 Nd7 16. Bh6 Re8 17. Rfe1 Bg5 18. Bxg5 Qxg5 19. Bf3 Nxe5 20. Bxd5 Nd3 21.
Rxe8+ Rxe8 22. Qc2 Nxf2 23. Qa4 Qe3 24. Ne4 Nxd1+ 25. Kf1 Rxe4 0-1

[Event "ENCI Limburg-open B"]
[Site "Maastricht"]
[Date "2012.05.28"]
[Round "6"]
[White "Dijkhuis, Sven"]
[Black "Gerlagh, Joris"]
[Result "0-1"]
[WhiteElo "1712"]
[BlackElo "1777"]
[PlyCount "58"]
[EventDate "2012.05.25"]
[EventType "swiss"]
[EventRounds "7"]
[EventCountry "NED"]
[Source "P.Boonen"]
[SourceDate "2013.01.01"]

1. e4 c5 2. Nf3 Nc6 3. d4 cxd4 4. Nxd4 Nf6 5. Nc3 e6 6. Ndb5 Bb4 7. a3 Bxc3+ 8.
Nxc3 O-O 9. Bf4 d5 10. exd5 exd5 11. Be2 Qb6 12. O-O Be6 13. Nb5 Rac8 14. Be3
Qd8 15. Bc5 Re8 16. Nd6 Ne4 17. Nxe4 dxe4 18. Bb5 Qg5 19. Bxc6 Bh3 20. g3 Rxc6
21. Be3 Qf5 22. Re1 Bg4 23. f3 Bxf3 24. Qd2 Qh3 25. b4 h5 26. Bg5 Rg6 27. Bf4
Ree6 28. c4 h4 29. Qf2 hxg3 0-1

[Event "ENCI Limburg-open B"]
[Site "Maastricht"]
[Date "2012.05.28"]
[Round "6"]
[White "Dijkstra, Hidde"]
[Black "Goes, Dirk"]
[Result "0-1"]
[WhiteElo "1665"]
[BlackElo "1954"]
[PlyCount "56"]
[EventDate "2012.05.25"]
[EventType "swiss"]
[EventRounds "7"]
[EventCountry "NED"]
[Source "P.Boonen"]
[SourceDate "2013.01.01"]

1. e4 Nf6 2. e5 Nd5 3. d4 d6 4. Nf3 dxe5 5. Nxe5 c6 6. c3 Nd7 7. f4 Nxe5 8.
fxe5 Bf5 9. Bd3 g6 10. O-O e6 11. Be2 h5 12. a3 Bh6 13. Bxh6 Rxh6 14. Qd2 Rh7
15. c4 Ne7 16. Nc3 Qd7 17. Bf3 O-O-O 18. Rfd1 Bg4 19. Bxg4 hxg4 20. Ne4 Qc7 21.
Nd6+ Kb8 22. Qf4 Nf5 23. c5 Rdh8 24. b4 Qe7 25. Rdb1 Rxh2 26. b5 Qh4 27. Kf1
Ng3+ 28. Ke1 Rxg2 0-1

[Event "ENCI Limburg-open B"]
[Site "Maastricht"]
[Date "2012.05.28"]
[Round "6"]
[White "Dittmar, Thomas"]
[Black "Braam, Marco"]
[Result "0-1"]
[WhiteElo "1947"]
[BlackElo "1707"]
[PlyCount "106"]
[EventDate "2012.05.25"]
[EventType "swiss"]
[EventRounds "7"]
[EventCountry "NED"]
[Source "P.Boonen"]
[SourceDate "2013.01.01"]

1. Nc3 e5 2. Nf3 Nc6 3. d4 exd4 4. Nxd4 Nxd4 5. Qxd4 Qf6 6. Qc4 c6 7. e4 b5 8.
Qe2 Bb4 9. Bd2 Ne7 10. g3 O-O 11. Bg2 Ng6 12. O-O Bc5 13. Kh1 Ba6 14. f4 d6 15.
a4 Rab8 16. axb5 Bxb5 17. Nxb5 Rxb5 18. b3 Qe7 19. Bc3 Re8 20. e5 Qd7 21. Rad1
d5 22. Qh5 Rbb8 23. Be4 Qe7 24. Bf5 Nf8 25. Qf3 Ne6 26. Bg4 Bb6 27. h4 Red8 28.
f5 Nc5 29. e6 f6 30. Bd2 Ne4 31. Bf4 Rbc8 32. c4 Bc7 33. Kh2 Bxf4 34. Qxf4 Nc3
35. Rd3 Ne4 36. cxd5 cxd5 37. Bf3 Rc2+ 38. Kg1 Qc5+ 39. Re3 Nxg3 40. e7 Re8 41.
Bxd5+ Qxd5 42. Qxg3 Qc5 43. Kh1 Rxe7 44. Rxe7 Qxe7 45. Qd3 Qb7+ 46. Rf3 Rc1+
47. Kh2 Qc7+ 48. Kh3 h5 49. Qd5+ Kh7 50. Rd3 Rc2 51. Rg3 Qf4 52. Qd3 Rd2 53.
Qb5 Rd4 0-1

[Event "ENCI Limburg-open B"]
[Site "Maastricht"]
[Date "2012.05.28"]
[Round "6"]
[White "Dorr, Yannick"]
[Black "Persoons, Bart"]
[Result "1-0"]
[WhiteElo "1902"]
[BlackElo "1760"]
[PlyCount "41"]
[EventDate "2012.05.25"]
[EventType "swiss"]
[EventRounds "7"]
[EventCountry "NED"]
[Source "P.Boonen"]
[SourceDate "2013.01.01"]

1. e4 c6 2. d4 d5 3. Nd2 dxe4 4. Nxe4 Nd7 5. Nf3 Ngf6 6. Ng3 e6 7. Bd3 c5 8.
O-O cxd4 9. Nxd4 Bc5 10. Nf3 O-O 11. Qe2 Qc7 12. Ne4 Nxe4 13. Qxe4 Nf6 14. Qh4
Be7 15. Bf4 Qc5 16. Be5 h6 17. Bd4 Qc7 18. Rad1 b6 19. Be5 Qc5 20. Bxf6 Bxf6
21. Qe4 1-0

[Event "ENCI Limburg-open B"]
[Site "Maastricht"]
[Date "2012.05.28"]
[Round "6"]
[White "Drose, Daniela"]
[Black "Sofic, Narcis"]
[Result "1-0"]
[WhiteElo "1964"]
[BlackElo "1871"]
[PlyCount "53"]
[EventDate "2012.05.25"]
[EventType "swiss"]
[EventRounds "7"]
[EventCountry "NED"]
[Source "P.Boonen"]
[SourceDate "2013.01.01"]

1. c4 c6 2. Nc3 Nf6 3. Nf3 d5 4. d4 e6 5. g3 Nbd7 6. Bg2 dxc4 7. O-O Be7 8. e4
O-O 9. Qc2 Qa5 10. e5 Nd5 11. Ne4 b5 12. Neg5 g6 13. h4 Qd8 14. h5 Kg7 15. Bh3
N7b6 16. Kg2 Rh8 17. Ne4 Qg8 18. h6+ Kf8 19. Bg5 Ke8 20. Bxe7 Kxe7 21. Qd2 Kd8
22. Nd6 Bd7 23. Ng5 Be8 24. Nge4 Qf8 25. Nc5 Bd7 26. Qg5+ Kc7 27. Na6# 1-0

[Event "ENCI Limburg-open B"]
[Site "Maastricht"]
[Date "2012.05.28"]
[Round "6"]
[White "Freer, Glenn"]
[Black "Cromsigt, Jeroen"]
[Result "0-1"]
[WhiteElo "1913"]
[BlackElo "1934"]
[PlyCount "72"]
[EventDate "2012.05.25"]
[EventType "swiss"]
[EventRounds "7"]
[EventCountry "NED"]
[Source "P.Boonen"]
[SourceDate "2013.01.01"]

1. e4 e5 2. Nc3 Nc6 3. g3 h5 4. h3 Bc5 5. Bg2 d6 6. d3 Be6 7. Nge2 Nge7 8. Na4
Qd7 9. Nxc5 dxc5 10. f4 f5 11. fxe5 fxe4 12. Bxe4 Bxh3 13. Nf4 Bg4 14. e6 Bxe6
15. Rxh5 O-O-O 16. Nxe6 Qxe6 17. Bf4 g5 18. Bxg5 Nd4 19. Kd2 Qf7 20. Rxh8 Rxh8
21. Bh4 Nd5 22. Qf1 Qh5 23. Bxd5 Qxd5 24. c4 Qh5 25. Kc3 Nf3 26. Qh3+ Kb8 27.
Rh1 Qe5+ 28. Kb3 Rh6 29. Qd7 Rb6+ 30. Ka4 Ra6+ 31. Kb3 Nd4+ 32. Kc3 Nf3+ 33.
Kb3 Rb6+ 34. Ka4 a6 35. Rb1 Ka7 36. b4 Qc3 {Time} 0-1

[Event "ENCI Limburg-open B"]
[Site "Maastricht"]
[Date "2012.05.28"]
[Round "6"]
[White "Freer, Robert"]
[Black "Paajala, Niki"]
[Result "1/2-1/2"]
[WhiteElo "1830"]
[BlackElo "1967"]
[PlyCount "57"]
[EventDate "2012.05.25"]
[EventType "swiss"]
[EventRounds "7"]
[EventCountry "NED"]
[Source "P.Boonen"]
[SourceDate "2013.01.01"]

1. e4 d5 2. e5 c5 3. c3 Nc6 4. d4 cxd4 5. cxd4 Bf5 6. Nf3 e6 7. Be2 Qb6 8. O-O
h6 9. b3 Nge7 10. Bb2 g5 11. Nc3 Bg6 12. Na4 Qc7 13. Rc1 a6 14. h3 Nc8 15. Nh2
Nb6 16. Nc5 Nd7 17. Nxd7 Qxd7 18. Ng4 Be7 19. Ba3 Kf8 20. Bxe7+ Qxe7 21. Bd3 h5
22. Nf6 Qb4 23. Bxg6 fxg6 24. Qf3 Ke7 25. Rfd1 Rac8 26. Qe3 Kf7 27. Nd7 Qe7 28.
Nf6 Qb4 29. Nd7 1/2-1/2

[Event "ENCI Limburg-open B"]
[Site "Maastricht"]
[Date "2012.05.28"]
[Round "6"]
[White "Geboers, Jimmy"]
[Black "Kremer, Nadine"]
[Result "1-0"]
[WhiteElo "1954"]
[BlackElo "1690"]
[PlyCount "97"]
[EventDate "2012.05.25"]
[EventType "swiss"]
[EventRounds "7"]
[EventCountry "NED"]
[Source "P.Boonen"]
[SourceDate "2013.01.01"]

1. d4 Nf6 2. c4 g6 3. Nc3 Bg7 4. e4 d6 5. f4 O-O 6. Nf3 c5 7. dxc5 Qa5 8. Bd3
Qxc5 9. Qe2 Nc6 10. Be3 Qa5 11. O-O Bg4 12. h3 Bxf3 13. Qxf3 Nd7 14. Rfc1 Nc5
15. Bxc5 Qxc5+ 16. Kh2 Nd4 17. Qf2 Rfc8 18. Nd5 Kf8 19. Qh4 e6 20. b4 Qc6 21.
Ne7 Qc7 22. Nxc8 Rxc8 23. c5 Nc6 24. Rab1 dxc5 25. Rxc5 Qd6 26. Bb5 Qd4 27. Rc4
Qd6 28. Rbc1 h5 29. Bxc6 Rxc6 30. Qf2 a6 31. Rxc6 bxc6 32. Qc5 Ke7 33. e5 Qxc5
34. Rxc5 Kd7 35. Ra5 Bf8 36. a3 Kc7 37. Rxa6 Kb7 38. Ra5 h4 39. g3 Be7 40. b5
c5 41. a4 c4 42. Ra6 c3 43. Rc6 Bb4 44. gxh4 Ba5 45. Kg2 Bd8 46. Rxc3 Bxh4 47.
a5 Bd8 48. a6+ Ka7 49. Rd3 1-0

[Event "ENCI Limburg-open B"]
[Site "Maastricht"]
[Date "2012.05.28"]
[Round "6"]
[White "Henrotte, Nils"]
[Black "Wambach, Patrick"]
[Result "0-1"]
[WhiteElo "1969"]
[BlackElo "1847"]
[PlyCount "46"]
[EventDate "2012.05.25"]
[EventType "swiss"]
[EventRounds "7"]
[EventCountry "NED"]
[Source "P.Boonen"]
[SourceDate "2013.01.01"]

1. e4 d6 2. d4 Nf6 3. Nc3 g6 4. Be3 Bg7 5. Qd2 O-O 6. Bh6 Bxh6 7. Qxh6 c5 8.
Nge2 Qa5 9. f3 cxd4 10. Nxd4 Nc6 11. Nb3 Qb6 12. O-O-O a5 13. Nd5 Nxd5 14. exd5
a4 15. a3 axb3 16. dxc6 bxc2 17. Rd3 bxc6 18. h4 Bf5 19. h5 Rfb8 20. b3 Rxa3
21. Kd2 Qf2+ 22. Be2 Bxd3 23. Kxd3 Rbxb3+ 0-1

[Event "ENCI Limburg-open B"]
[Site "Maastricht"]
[Date "2012.05.28"]
[Round "6"]
[White "Klein, Gernot"]
[Black "Heijenrath, Jan"]
[Result "1-0"]
[WhiteElo "1971"]
[BlackElo "1759"]
[PlyCount "107"]
[EventDate "2012.05.25"]
[EventType "swiss"]
[EventRounds "7"]
[EventCountry "NED"]
[Source "P.Boonen"]
[SourceDate "2013.01.01"]

1. e4 d5 2. exd5 Nf6 3. d4 Nxd5 4. Nf3 Bg4 5. Be2 e6 6. O-O Be7 7. c4 Nf6 8. h3
Bxf3 9. Bxf3 c6 10. Nc3 O-O 11. Bf4 Qc8 12. Re1 Rd8 13. Rc1 Bb4 14. Bg5 Nbd7
15. Qb3 Bd6 16. Ne4 Nxe4 17. Bxe4 Re8 18. Qf3 f5 19. Bb1 Qb8 20. a3 Kh8 21. b4
a5 22. c5 axb4 23. axb4 Bc7 24. Qb3 Nf8 25. g3 h6 26. Bd2 Rd8 27. Qe3 Rd5 28.
Bc2 Qd8 29. Ra1 Rxa1 30. Rxa1 Rxd4 31. Bc3 e5 32. Bxd4 exd4 33. Qd3 f4 34. Re1
fxg3 35. fxg3 Qd7 36. Qf5 Qxf5 37. Bxf5 g6 38. Bc8 Bxg3 39. Rd1 Bf4 40. Kf2
Be3+ 41. Kf3 Kg7 42. Bxb7 Ne6 43. Bxc6 Ng5+ 44. Ke2 Nxh3 45. Bb7 g5 46. c6 Nf4+
47. Kf3 Nd5 48. b5 h5 49. Rh1 g4+ 50. Ke4 Nc3+ 51. Kd3 Nxb5 52. Rxh5 g3 53.
Rxb5 g2 54. Rb1 1-0

[Event "ENCI Limburg-open B"]
[Site "Maastricht"]
[Date "2012.05.28"]
[Round "6"]
[White "Kocur, Marc"]
[Black "Snoeks, Pieter Jan"]
[Result "1-0"]
[WhiteElo "1871"]
[BlackElo "1719"]
[PlyCount "57"]
[EventDate "2012.05.25"]
[EventType "swiss"]
[EventRounds "7"]
[EventCountry "NED"]
[Source "P.Boonen"]
[SourceDate "2013.01.01"]

1. c4 e5 2. g3 f5 3. Bg2 Nf6 4. d3 Bc5 5. e3 O-O 6. Nc3 c6 7. Nge2 d5 8. cxd5
cxd5 9. Qb3 e4 10. d4 Bb6 11. Nf4 Ba5 12. Bd2 Bxc3 13. Bxc3 Nc6 14. O-O g5 15.
Ne2 h5 16. Bb4 Nxb4 17. Qxb4 Qb6 18. Qxb6 axb6 19. Nc3 Bd7 20. Rfc1 Rfc8 21.
Bf1 Kf7 22. Nb5 Rxc1 23. Rxc1 Rxa2 24. Rc7 Rxb2 25. Rxb7 Ng4 26. Rxd7+ Ke8 27.
Rb7 Nxf2 28. Nd6+ Kd8 29. Bb5 1-0

[Event "ENCI Limburg-open B"]
[Site "Maastricht"]
[Date "2012.05.28"]
[Round "6"]
[White "Koelmans, Jan Willem"]
[Black "Corvers, John"]
[Result "1/2-1/2"]
[WhiteElo "2027"]
[BlackElo "1787"]
[PlyCount "144"]
[EventDate "2012.05.25"]
[EventType "swiss"]
[EventRounds "7"]
[EventCountry "NED"]
[Source "P.Boonen"]
[SourceDate "2013.01.01"]

1. d4 f5 2. g3 Nf6 3. c4 g6 4. Bg2 Bg7 5. Nh3 O-O 6. Nc3 d6 7. d5 Na6 8. O-O
Qe8 9. Nf4 c6 10. Rb1 e5 11. dxe6 Qe7 12. b3 Nc5 13. Ba3 Bxe6 14. Qc2 Rfe8 15.
Rbd1 Rad8 16. Rfe1 g5 17. Nxe6 Qxe6 18. Bc1 h6 19. Bh3 g4 20. Bg2 Nfe4 21. Nxe4
Nxe4 22. Rd3 Ng5 23. Re3 Qf6 24. Rxe8+ Rxe8 25. Rd1 Qe6 26. Bxg5 hxg5 27. e3
Be5 28. b4 Kg7 29. b5 cxb5 30. cxb5 Rc8 31. Qa4 Qc4 32. Qxa7 Qxb5 33. Qxb7+
Qxb7 34. Bxb7 Rc2 35. Bd5 Kf6 36. Bb3 Rb2 37. Rc1 Re2 38. Rc7 Rb2 39. Rc2 Rb1+
40. Kg2 f4 41. exf4 gxf4 42. gxf4 Bxf4 43. Re2 Be5 44. Re4 Kg5 45. Be6 Bf4 46.
a4 Rc1 47. Rd4 Rc2 48. Rd5+ Be5 49. a5 Rc5 50. a6 Rxd5 51. Bxd5 Bd4 52. f3
gxf3+ 53. Kxf3 Bc5 54. Kg3 Kg6 55. Kg4 Kg7 56. Kf5 Kh8 57. Kg6 Bg1 58. h4 Bc5
59. h5 Bg1 60. Kf7 Bc5 61. Ke7 Kg7 62. Kd7 Kh6 63. Bf3 Kg7 64. Kc6 Kh6 65. Kb7
Kg7 66. a7 Bxa7 67. Kxa7 Kh8 68. Kb6 Kg7 69. Kc6 Kh8 70. Kd7 Kg7 71. Ke7 d5 72.
h6+ Kxh6 1/2-1/2

[Event "ENCI Limburg-open B"]
[Site "Maastricht"]
[Date "2012.05.28"]
[Round "6"]
[White "Kronseder, Michael"]
[Black "Staudte, Rainer"]
[Result "0-1"]
[WhiteElo "1754"]
[BlackElo "1954"]
[PlyCount "48"]
[EventDate "2012.05.25"]
[EventType "swiss"]
[EventRounds "7"]
[EventCountry "NED"]
[Source "P.Boonen"]
[SourceDate "2013.01.01"]

1. Nf3 c5 2. g3 d5 3. c4 d4 4. e3 Nc6 5. exd4 cxd4 6. d3 e5 7. Bg2 Bb4+ 8. Nbd2
Nge7 9. a3 Bxd2+ 10. Bxd2 O-O 11. b4 a6 12. b5 axb5 13. cxb5 Na7 14. Nxe5 Nxb5
15. Qb3 Nd6 16. O-O Be6 17. Qb2 Ndf5 18. Qxb7 Bd5 19. Bxd5 Nxd5 20. Rfb1 Nc3
21. Bxc3 dxc3 22. Qb3 Nd4 23. Qb6 c2 24. Qxd8 cxb1=Q+ 0-1

[Event "ENCI Limburg-open B"]
[Site "Maastricht"]
[Date "2012.05.28"]
[Round "6"]
[White "Kuryliw, Ray"]
[Black "Holwijn, Melvin"]
[Result "0-1"]
[WhiteElo "1897"]
[BlackElo "2025"]
[PlyCount "98"]
[EventDate "2012.05.25"]
[EventType "swiss"]
[EventRounds "7"]
[EventCountry "NED"]
[Source "P.Boonen"]
[SourceDate "2013.01.01"]

1. e4 e5 2. Nf3 Nf6 3. Nc3 Bb4 4. Ne2 Nxe4 5. c3 Bc5 6. d4 exd4 7. Nexd4 Nc6 8.
Bd3 d5 9. O-O O-O 10. Nxc6 bxc6 11. Qa4 Qd7 12. Bxe4 dxe4 13. Qxe4 Ba6 14. Re1
Rae8 15. Qc2 Rxe1+ 16. Nxe1 Re8 17. Nf3 Re2 18. Bd2 Rxf2 19. Kh1 Qg4 20. Rg1
Rxf3 21. Qd1 Bxg1 22. gxf3 Qe6 23. Qxg1 Qe2 24. Qe1 Qxf3+ 25. Kg1 h6 26. Qf2
Qd3 27. a3 Bc4 28. Bf4 Qb1+ 29. Kg2 Bd5+ 30. Kg3 Qg6+ 31. Kh4 Be6 32. Qf3 Qf5
33. Kg3 Bd5 34. Qe3 h5 35. h3 Qg6+ 36. Kf2 Qg2+ 37. Ke1 Qxb2 38. c4 Qb1+ 39.
Kf2 Qc2+ 40. Ke1 Qxc4 41. Qg3 Qe4+ 42. Kf2 Qc2+ 43. Ke1 Bc4 44. Qe3 Qd3 45.
Qe8+ Kh7 46. Qe5 Qg6 47. Be3 Be6 48. h4 Bg4 49. Bd4 Qe6 0-1

[Event "ENCI Limburg-open B"]
[Site "Maastricht"]
[Date "2012.05.28"]
[Round "6"]
[White "Lecomte, Robin"]
[Black "Broekhuis, Jan"]
[Result "1-0"]
[WhiteElo "1798"]
[BlackElo "1880"]
[PlyCount "165"]
[EventDate "2012.05.25"]
[EventType "swiss"]
[EventRounds "7"]
[EventCountry "NED"]
[Source "P.Boonen"]
[SourceDate "2013.01.01"]

1. e4 e6 2. Qe2 c5 3. Nf3 Nc6 4. g3 Nge7 5. Bg2 e5 6. d3 Nd4 7. Nxd4 cxd4 8.
O-O d6 9. f4 f6 10. f5 Nc6 11. Qh5+ Ke7 12. c3 Bd7 13. cxd4 Nxd4 14. Nc3 Bc6
15. Rb1 Qe8 16. Qd1 b6 17. Be3 Kd7 18. Bxd4 exd4 19. Ne2 Qe5 20. Qb3 Be7 21.
Nf4 Rhf8 22. Rbc1 Rac8 23. Rc2 Bb5 24. Rfc1 Rxc2 25. Qxc2 Qc5 26. Ne6 Qxc2 27.
Nxf8+ Bxf8 28. Rxc2 d5 29. Rd2 Bb4 30. Rd1 dxe4 31. Bxe4 Ba4 32. b3 Bb5 33. Kf2
Kd6 34. g4 Ke5 35. Kf3 a5 36. h4 Be8 37. Bb7 Bc3 38. Bc8 Bc6+ 39. Kg3 h6 40.
Be6 Kd6 41. g5 fxg5 42. hxg5 hxg5 43. Kg4 g6 44. fxg6 Kxe6 45. Kxg5 Be8 46. Kh6
Bxg6 47. Kxg6 Kd5 48. Rc1 Kc5 49. a3 Kd5 50. Rc2 b5 51. Kf5 Be1 52. Re2 Bg3 53.
Rc2 Bd6 54. a4 bxa4 55. bxa4 Bb4 56. Rc8 Bc3 57. Kf4 Bd2+ 58. Kf3 Bc3 59. Ke2
Bb4 60. Kd1 Kd6 61. Kc2 Kd5 62. Kb3 Be1 63. Rb8 Bd2 64. Rb5+ Kc6 65. Kc4 Bc3
66. Rd5 Kb6 67. Rf5 Kc6 68. Rf6+ Kb7 69. Kb5 Kc7 70. Rf7+ Kd6 71. Rh7 Kd5 72.
Rh5+ Kd6 73. Kc4 Kc6 74. Rh4 Kc7 75. Rxd4 Bxd4 76. Kxd4 Kd6 77. Kc4 Kc6 78. d4
Kb6 79. Kd5 Kc7 80. Kc5 Kb7 81. Kb5 Kc7 82. Kxa5 Kc6 83. Ka6 1-0